<?xml version="1.0" encoding="UTF-8"?>
<record
    xmlns:xsi="http://www.w3.org/2001/XMLSchema-instance"
    xsi:schemaLocation="http://www.loc.gov/MARC21/slim http://www.loc.gov/standards/marcxml/schema/MARC21slim.xsd"
    xmlns="http://www.loc.gov/MARC21/slim">

  <leader>00553nam a2200193Ia 4500</leader>
  <controlfield tag="005">20260504115842.0</controlfield>
  <controlfield tag="008">260504s9999    xx            000 0 und d</controlfield>
  <datafield tag="020" ind1=" " ind2=" ">
    <subfield code="a">978-1-292-21635-5</subfield>
  </datafield>
  <datafield tag="082" ind1=" " ind2=" ">
    <subfield code="a">382</subfield>
    <subfield code="b">KRU-I</subfield>
  </datafield>
  <datafield tag="100" ind1=" " ind2=" ">
    <subfield code="a">Krugman, Paul R.</subfield>
    <subfield code="a">Maurice Obstfeld</subfield>
    <subfield code="a">Marc J. Melitz</subfield>
  </datafield>
  <datafield tag="245" ind1=" " ind2="0">
    <subfield code="a">International Trade :</subfield>
    <subfield code="b">Theory and Policy</subfield>
  </datafield>
  <datafield tag="250" ind1=" " ind2=" ">
    <subfield code="a">11th ed</subfield>
  </datafield>
  <datafield tag="260" ind1=" " ind2=" ">
    <subfield code="a">United Kingdom</subfield>
    <subfield code="b">Pearson Education Limited </subfield>
    <subfield code="c">2018</subfield>
  </datafield>
  <datafield tag="300" ind1=" " ind2=" ">
    <subfield code="a">367 p.</subfield>
  </datafield>
  <datafield tag="500" ind1=" " ind2=" ">
    <subfield code="a">Include an index.</subfield>
  </datafield>
  <datafield tag="650" ind1=" " ind2=" ">
    <subfield code="a">International Commerce</subfield>
  </datafield>
  <datafield tag="650" ind1=" " ind2=" ">
    <subfield code="a">Accounting</subfield>
  </datafield>
  <datafield tag="942" ind1=" " ind2=" ">
    <subfield code="c">BK</subfield>
  </datafield>
  <datafield tag="999" ind1=" " ind2=" ">
    <subfield code="c">47482</subfield>
    <subfield code="d">47482</subfield>
  </datafield>
  <datafield tag="952" ind1=" " ind2=" ">
    <subfield code="0">0</subfield>
    <subfield code="w">2026-05-04</subfield>
    <subfield code="1">0</subfield>
    <subfield code="4">0</subfield>
    <subfield code="7">0</subfield>
    <subfield code="8">Accounting</subfield>
    <subfield code="a">AUKC</subfield>
    <subfield code="b">AUKC</subfield>
    <subfield code="c">Accounting</subfield>
    <subfield code="d">2026-04-09</subfield>
    <subfield code="e">Ali Book Services</subfield>
    <subfield code="g">2006.00</subfield>
    <subfield code="i">KA/10221</subfield>
    <subfield code="l">0</subfield>
    <subfield code="o">382 KRU-I</subfield>
    <subfield code="p">AUKHP0628</subfield>
    <subfield code="r">2026-05-04 11:59:00</subfield>
    <subfield code="y">BK</subfield>
  </datafield>
</record>
